| 000 | 00925cab a2200241 4500 | ||
|---|---|---|---|
| 001 | ABS56153 | ||
| 008 | 090401t1996 xxu||||| |||| 00| 0 eng d | ||
| 035 | _a(Sirsi) u21610 | ||
| 041 | _aeng | ||
| 100 | _aReynolds, P. | ||
| 245 | _aIs the Japanese way working? | ||
| 260 | _c1996 | ||
| 350 | _a0 | ||
| 490 |
_aContract Journal _v386(6102) 21 November 1996, 22-23(2) |
||
| 520 | _aWarns of the problems experienced by Japanese contractors involved in partnering, considering the issues relevant to UK organisations preparing to go down the teamwork road. Second article reviews how mechanical and electrical contractors are turning to partnering in reponse to falling operating margins. | ||
| 650 | _aCONSTRUCTION INDUSTRY | ||
| 650 | _aJAPAN | ||
| 650 | _aMECHANICAL AND ELECTRICAL SECTOR | ||
| 650 | _aPARTNERING | ||
| 690 | _aBUILT ENVIRONMENT-BUILDING CONTRACT FORMS | ||
| 942 | _n0 | ||
| 948 | _c04/03/1997 | ||
| 999 |
_c14500 _d14500 |
||